Szczegóły MARC21

Encyklopedia ekspresjonizmu /

003 -Nazwa inst., której nr kontr. jest w polu 001 [,]
    • @
    • Nazwa instytucji, której n kontrolny jest w polu 001
    • NUKAT
005 -DATA I CZAS OSTATNIEJ MODYFIKACJI [,]
    • @
    • pole kontrolne
    • 20241231105903.0
020 -Międzynarod. znormalizowany nr książki - ISBN [ , ]
    • a
    • Numer ISBN
    • 8322106475 Find
020 -Międzynarod. znormalizowany nr książki - ISBN [ , ]
    • a
    • Numer ISBN
    • 8301122218 Find
040 -Instytucja sporządzająca opis [ , ]
    • a
    • Instytucja, która sporządziła opis (NP)
    • LUBL KUL/SK
    • c
    • Instytucja, która sporządziła rekord (NP)
    • LUBL KUL/SK
    • d
    • Instytucja, która zmodyfikowała rekord (P)
    • LUBL KUL/SKs
    • d
    • Instytucja, która zmodyfikowała rekord (P)
    • LUBL M/JD
    • d
    • Instytucja, która zmodyfikowała rekord (P)
    • WR O/GW
041 -Język dokumentu [1, ]
    • a
    • Język tekstu (P)
    • polski
    • h
    • Język tekstu oryginalnego i/lub pośredniego (P)
    • francuski
    • h
    • Język tekstu oryginalnego i/lub pośredniego (P)
    • niemiecki
942 -Rodzaj dokumentu [ , ]
    • c
    • Rodzaj dokumentu
    • Książka
100 -Hasło główne - nazwa osobowa [1, ]
    • a
    • Nazwa osobowa (NP)
    • Richard, Lionel
    • d
    • Daty biograficzne (NP)
    • (1938- ).
    • 9
    • KHW
    • 650618
240 -Tytuł ujednolicony [1,0]
    • a
    • Tytuł ujednolicony
    • Lexikon des Expressionismus
    • l
    • Język tekstu
    • (pol.)
    • 9
    • KHW
    • 650620
245 -Strefa tytułu i oznaczenia odpowiedzialności [1,0]
    • a
    • Tytuł
    • Encyklopedia ekspresjonizmu / Find
    • c
    • Pozostałe elementy strefy tytułu i oznaczenia odpowiedzialności (NP)
    • Lionel Richard oraz Armin Arnold [et al.] ; przekł. Dorota Górna, [poezje przeł. z niem. Jacek St. Buras].
260 -Strefa adresu wydawniczego [ , ]
    • a
    • Miejsce wydania (P)
    • Warszawa :
    • b
    • Nazwa wydawcy (P)
    • Wydawnictwa Artystyczne i Filmowe :
    • b
    • Nazwa wydawcy (P)
    • Wydaw. Naukowe PWN,
    • c
    • Data wydania (P)
    • 1996.
300 -Strefa opisu fizycznego [ , ]
    • a
    • Określenie formy książki i/lub objętość (NP)
    • 383, [1] s. :
    • b
    • Oznaczenie ilustracji (NP)
    • il. ;
    • c
    • Format (NP)
    • 24 cm.
336 -Typ zawartości [ , ]
    • a
    • Termin opisujący typ zawartości
    • Tekst
    • b
    • Kod określający zawartość
    • txt
    • 2
    • Źródło (terminu i kodu)
    • rdacontent
337 -Typ mediów [ , ]
    • a
    • Tryb odtwarzania
    • Bez urządzenia pośredniczącego
    • b
    • Kod typu mediów
    • n
    • 2
    • Źródło (terminu i kodu)
    • rdamedia
338 -Typ/rodzaj nośnika [ , ]
    • a
    • Hasło opisujące typ nośnika
    • Wolumin
    • b
    • Kod typu nośnika
    • nc
    • 2
    • Źródło (terminu i kodu)
    • rdacarrier
504 -Uwaga dot. bibliogr. załącznikowej [ , ]
    • a
    • Uwaga dot. bibliografii załącznikowej
    • Bibliogr. s. 359-360. Indeksy.
080 -Uniwersalna Klasyfikacja Dziesiętna [ , ]
    • a
    • Symbol klasyfikacji
    • 82(091)"18/19"(038)
080 -Uniwersalna Klasyfikacja Dziesiętna [ , ]
    • a
    • Symbol klasyfikacji
    • +[72.036(038)
080 -Uniwersalna Klasyfikacja Dziesiętna [ , ]
    • a
    • Symbol klasyfikacji
    • +73/76.036(038)
080 -Uniwersalna Klasyfikacja Dziesiętna [ , ]
    • a
    • Symbol klasyfikacji
    • +791/792.036(038)
080 -Uniwersalna Klasyfikacja Dziesiętna [ , ]
    • a
    • Symbol klasyfikacji
    • +78.036(038)
650 -Hasło przedmiotowe [ ,7]
    • a
    • Hasło przedmiotowe
    • Ekspresjonizm
    • x
    • Określnik rzeczowy
    • encyklopedie.
    • 2
    • Źródło terminu
    • kaba
    • 9
    • KHW
    • 650884
980 -Symbol UKD [ , ]
    • a
    • UKD
    • 82(091)"18/19"(038)+[72+73/76+791/792+78].036(038)
700 -Hasło dodatkowe - nazwa osobowa [1, ]
    • a
    • Nazwa osobowa (NP)
    • Górna, Dorota. Find
    • e
    • Określenie rodzaju współpracy
    • Tł.
    • 9
    • KHW
    • 650617
700 -Hasło dodatkowe - nazwa osobowa [1, ]
    • a
    • Nazwa osobowa (NP)
    • Buras, Jacek Stanisław Find
    • d
    • Daty biograficzne (NP)
    • (1945- ).
    • e
    • Określenie rodzaju współpracy
    • Tł.
    • 9
    • KHW
    • 19308
700 -Hasło dodatkowe - nazwa osobowa [1, ]
    • a
    • Nazwa osobowa (NP)
    • Arnold, Armin Find
    • d
    • Daty biograficzne (NP)
    • (1931- ).
    • 9
    • KHW
    • 517105
710 -Hasło dodatkowe - nazwa ciała zbiorowego [2, ]
    • a
    • Nazwa ciała zbiorowego lub nazwa geograficzna jako pierwszy element (NP)
    • Wydawnictwo Naukowe PWN.
    • 4
    • Kod relacji
    • pbl
    • 9
    • KHW
    • 52648
710 -Hasło dodatkowe - nazwa ciała zbiorowego [2, ]
    • a
    • Nazwa ciała zbiorowego lub nazwa geograficzna jako pierwszy element (NP)
    • Wydawnictwa Artystyczne i Filmowe.
    • 4
    • Kod relacji
    • pbl
    • 9
    • KHW
    • 55948
920 -ISBN [ , ]
    • a
    • ISBN
    • 83-221-0647-5 Find
920 -ISBN [ , ]
    • a
    • ISBN
    • 83-01-12221-8 Find
Lokalizacja Data inwentaryzacji Numer inwentarzowy Status udost. Sygnatura
BG2004-03-30Z.1023641Z.102364
BM1998-06-01P.142901POL. Sztuka – słow., encykl. 06